Lana Del Rey - Bartender Lyrics - Statistics

General Stats
  • This quiz has been taken 131 times
  • The average score is 259 of 331
Answer Stats
Answer % Correct
a
99%
t-
99%
bar
96%
the
96%
The
96%
I
95%
All
93%
all
93%
bartender
93%
Bartender
93%
in
93%
me
93%
my
93%
of
93%
night
91%
we
90%
when
89%
ladies
88%
Wine
87%
wine
87%
is
85%
middle
85%
to
85%
bought
84%
But
84%
hold
84%
love
84%
truck
84%
with
84%
With
84%
Baby
83%
Cherry
83%
play
83%
you
83%
car
82%
Coke
82%
Wearing
82%
black
80%
buy
80%
if
80%
I'm
80%
parties
80%
that
80%
alive
79%
cards
79%
fine
79%
house
79%
just
79%
right
79%
their
79%
don't
78%
Ha
78%
ha
78%
It'll
78%
year
78%
drive
77%
serve
77%
and
76%
And
76%
canyon
76%
drinking
76%
keep
76%
tea
76%
not
74%
tender
73%
white
73%
like
72%
remember
72%
from
71%
From
71%
have
71%
know
71%
want
71%
'Cause
70%
fun
70%
they
70%
gun
68%
inside
67%
on
67%
sometimes
67%
warm
67%
what
67%
girls
66%
love's
65%
poetry
65%
free
63%
games
63%
our
63%
sweet
63%
yet
63%
baby's
62%
Photo
62%
bedside
61%
for
61%
little
61%
valley
60%
beach
57%
Beach
57%
60
56%
last
56%
playing
56%
Playing
56%
at
54%
vine
54%
where
54%
miles
52%
tryna
52%
garden
51%
exits
50%
place
50%
your
50%
Bacardi
49%
enough
48%
hide
48%
side
48%
grab
46%
keys
46%
by
45%
day
44%
flowing
44%
MPH
43%
done
41%
levitation
41%
Long
41%
reside
39%
PCH
38%
Crosby
34%
Meditating
33%
As
32%
Nash
32%
Newport
28%
Stills
28%
Here
17%
No matching quizzes found
Score Distribution
Percent of People with Each Score
Percentile by Number Answered
Your Score History
You have not taken this quiz